000 00474nam a2200205Ia 4500
003 OSt
005 20221005123127.0
006 a|||||r|||| 00| 0
007 ta
008 221004b |||||||| |||| 00| 0 snd d
024 _a6808
037 _cTextual
040 _aCRL
_cCRL
_bsnd
041 _2snd
_asnd
082 _aO1593,3NBIx, [L3]
245 0 _aKoonj
260 _c1973
942 _hO1593,3NBIx, [L3]
_cTEXL
_2cc
999 _c1046457
_d1046457